| 000 | 00471nam a2200169Ia 4500 | ||
|---|---|---|---|
| 999 |
_c11751 _d11751 |
||
| 082 | _a301.072 MAR-; | ||
| 100 | _aMarsh, Robert.M. | ||
| 245 | 0 | _aComparative sociology: a codification of cross-societal analysis | |
| 260 |
_aNew York _bHarcourt Brace & World _c1967 |
||
| 300 | _a528p. | ||
| 504 | _aIncludes index | ||
| 650 | _aSocial mobility | ||
| 650 | _aSociology - Research | ||
| 650 | _aSociology, Urban | ||
| 650 | _aSocial stratification | ||
| 942 |
_cBK _2ddc |
||